Tovar v ten istý deň? Áno, ale...

Rozvoj e-commerce prináša stále nové služby pre zákazníkov v oblasti doručovania objednaného tovaru. Menia sa aj požiadavky zákazníkov. Služba, známa pod anglickým označením same day delivery, ponúka doručenie tovaru v ten istý deň. Kuriérske spoločnosti vidia trend v doručení zásielky v nasledujúci...

Descrizione completa

Salvato in:
Dettagli Bibliografici
Autore principale: Oravec, Jozef
Natura: Capitolo di libro
Lingua:slovacco
Soggetti:
Tags: Aggiungi Tag
Nessun Tag, puoi essere il primo ad aggiungerne!!

MARC

LEADER 00000naa a2200000 4500
001 0215292
005 20231011074013.2
041 0 |a slo 
044 |a CZ 
245 1 0 |a Tovar v ten istý deň? Áno, ale...  |c Jozef Oravec 
520 |a Rozvoj e-commerce prináša stále nové služby pre zákazníkov v oblasti doručovania objednaného tovaru. Menia sa aj požiadavky zákazníkov. Služba, známa pod anglickým označením same day delivery, ponúka doručenie tovaru v ten istý deň. Kuriérske spoločnosti vidia trend v doručení zásielky v nasledujúci deň v danej lokalite. Služba same day delivery je finančne náročnejšia. Trendom je vyšší zákaznícky komfort. 
610 2 0 |a preprava 
610 2 0 |a doprava 
610 2 0 |a zasielatelia 
610 2 0 |a zasielateľstvo 
610 2 0 |a služby kuriérske 
610 2 0 |a obchod elektronický 
100 1 |a Oravec, Jozef